书目信息 |
| 题名: |
印度的智慧
|
|
| 作者: | 林语堂 编译 | |
| 分册: | ||
| 出版信息: | 北京 外语教学与研究出版社 2009.03 |
|
| 页数: | 18, 681页 | |
| 开本: | 21cm | |
| 丛书名: | 林语堂英文作品集 | |
| 单 册: | ||
| 中图分类: | K351.03 | |
| 科图分类: | ||
| 主题词: | 文化史--wen hua shi--印度--英文 | |
| 电子资源: | ||
| ISBN: | 978-7-5600-8138-0 | |
| 000 | 00995nam 2200277 450 | |
| 001 | tya00004309 | |
| 005 | 20110715084338.62 | |
| 010 | @a978-7-5600-8138-0@dCNY39.90 | |
| 100 | @a20090701d2009 km y0chiy0121 ea | |
| 101 | 0 | @aeng@gchi |
| 102 | @aCN@b110000 | |
| 105 | @aa z 000yy | |
| 106 | @ar | |
| 200 | 1 | @a印度的智慧@Ayin du de zhi hui@d= The wisdom of India@f林语堂编译@zchi |
| 210 | @a北京@c外语教学与研究出版社@d2009.03 | |
| 215 | @a18, 681页@c图@d21cm | |
| 225 | 2 | @a林语堂英文作品集@Alin yu tang ying wen zuo pin ji |
| 330 | @a只有看到印度思想的丰富性及其本质精神,我们才能理解印度,才能奢望分享其各民族的自由和平等,而这些正是我们试图从这个道德和政治上都混乱不堪的世界创造出来的东西,尽管显得有些蹩脚和踌躇。 | |
| 410 | 0 | @12001 @a林语堂英文作品集 |
| 510 | 1 | @a The wisdom of India@zchi |
| 586 | @a | |
| 606 | 0 | @a文化史@Awen hua shi@y印度@j英文 |
| 690 | @aK351.03@v5 | |
| 701 | 0 | @a林语堂@Alin yu tang@4编译 |
| 801 | 0 | @aCN@c20110610 |
| 905 | @dK351.03@eL520@f3 | |
| 印度的智慧= The wisdom of India/林语堂编译.-北京:外语教学与研究出版社,2009.03 |
| 18, 681页:图;21cm.-(林语堂英文作品集) |
| ISBN 978-7-5600-8138-0:CNY39.90 |
| 只有看到印度思想的丰富性及其本质精神,我们才能理解印度,才能奢望分享其各民族的自由和平等,而这些正是我们试图从这个道德和政治上都混乱不堪的世界创造出来的东西,尽管显得有些蹩脚和踌躇。 |
| ● |
| 相关链接 |
|
|
|
正题名:印度的智慧
索取号:K351.03/L520
 
预约/预借
| 序号 | 登录号 | 条形码 | 馆藏地/架位号 | 状态 | 备注 |
| 1 | 883575 | 208835750 | 社科库309/309社科库 40排1列1层/ [索取号:K351.03/L520] | 在馆 | |
| 2 | 883576 | 208835769 | 社科库309/309社科库 40排1列1层/ [索取号:K351.03/L520] | 在馆 | |
| 3 | 883577 | 208835778 | 社科库309/309社科库 40排1列1层/ [索取号:K351.03/L520] | 在馆 |